000 00688nam a22002057a 4500
003 OSt
005 20251205055908.0
008 251205b |||||||| |||| 00| 0 eng d
020 _a007-235053-9
040 _aDWC-Main lib
_cOC
082 _aCirc. 628.21 D263 2004
100 _aDavis, M.
245 _aPrinciples of environmental engineering and sciences
_cDavis, Mackenzie L.
260 _aN.Y. :
_b McGraw-Hill,
_c c2004
300 _axvi, 704 pages ;
_billustration ;
_c25 cm.
504 _aIncludes index.
650 _2Environmental engineering.
650 _2Environmental sciences
942 _2ddc
_cBK-CIRC
_hCirc. 628.21 D263 2004
_kCirc.
_n0
999 _c6945
_d6945